|
|
|
|
| LEADER |
00841nam a22002171 4500 |
| 001 |
c000203708 |
| 003 |
CARM |
| 005 |
20021125002000.0 |
| 008 |
851113s1964 sp 1 spa d |
| 019 |
1 |
|
|a 4136332
|5 LACONCORD2021
|
| 035 |
|
|
|a (OCoLC)219213087
|5 LACONCORD2021
|
| 100 |
2 |
|
|a Cervantes Saavedra, Miguel de,
|d 1547-1616.
|
| 245 |
1 |
3 |
|a La gitanilla
|
| 260 |
|
|
|a Zaragoza :
|b Editorial Ebro,
|c 1964.
|
| 440 |
|
0 |
|a Biblioteca clásica Ebro.
|p Clásicos españoles ;
|v no.50
|
| 700 |
2 |
|
|a Cervantes Saavedra, Miguel de,
|d 1547-1616.
|t Espanola inglesa.
|
| 740 |
3 |
|
|a La Espanola inglesa.
|
| 852 |
8 |
|
|b CARM
|h A2:AN22A0
|i A03327
|p 0298009
|f BK
|
| 082 |
0 |
4 |
|a 863.3
|
| 999 |
f |
f |
|i 7202531a-1505-5a22-8aa6-c03c105e523f
|s b54cf983-6829-581b-beac-d2f11accd84c
|
| 952 |
f |
f |
|p Can circulate
|a CAVAL
|b CAVAL
|c CAVAL
|d CARM 1 Store
|e A03327
|f A2:AN22A0
|h Other scheme
|i book
|m 0298009
|